000
00284nam a22001217a 4500
008
180130b xxu||||| |||| 00| 0 eng d
041
_a
eng
080
_a
030
100
_a
23
101
_a
enc
245
_a
the encyclopedia of relegions quotations
_c
frank.s.m
942
_2
udc
_c
BK
999
_c
41305
_d
41305